| 000 | 01059nam a2200265 i 4500 | ||
|---|---|---|---|
| 001 | bg | ||
| 245 | 0 | 0 |
_aEuropejskie standardy etyki i społecznej odpowiedzialności biznesu / _cred. nauk. Wojciech Gasparski ; przy współpr. Anny Lewickiej-Strzałeckiej, Bolesława Roka, Grzegorza Szulczewskiego. |
| 260 |
_aWarszawa : _bWydaw. Wyższej Szkoły Przedsiębiorczości i Zarządzania im. Leona Koźmińskiego, _c2003. |
||
| 300 |
_a304 s. : _bmapy, rys., tab., wykr. ; _c24 cm. |
||
| 504 | _aBibliogr. przy pracach. | ||
| 650 | 9 |
_aEtyka biznesu _xUnia Europejska |
|
| 655 | _aMateriały konferencyjne | ||
| 700 | 1 |
_aGASPARSKI, Wojciech _d(1936- ). _eRed. |
|
| 700 | 1 |
_aLEWICKA-STRZAŁECKA, Anna. _eRed. |
|
| 700 | 1 |
_aROK, Bolesław. _eRed. |
|
| 700 | 1 |
_aSZULCZEWSKI, Grzegorz. _eRed. |
|
| 020 | _a8389437074 | ||
| 040 | _cBPK | ||
| 041 | 0 | _apol | |
| 080 | _a65.011:174](061) | ||
| 920 | _a83-89437-07-4 | ||
| 942 | _cKS | ||
| 008 | s pl f |000 0 pol | ||
| 999 |
_c44637 _d44637 |
||
| 856 |
_uhttp://koha.tu.koszalin.pl/cgi-bin/koha/opac-detail.pl?biblionumber=44637 _yKatalog online BPK |
||